01460cam a22003375a 4500001001000000003000900010005001700019008004100036020002500077040004100102082002500143100004500168245014300213264003300356300002800389336002600417337002800443338002700471504005100498650008300549650005900632650003300691650003100724650003600755651008900791653002700880655002400907942001200931999001700943952016200960017001614EG-ScBUE20220116092939.0141107s2015 enk f b 001 0 eng d a9781474227780 (pbk.) aStDuBDSbengerdacStDuBDSdEG-ScBUE04a823.0872909222bCRA1 aCrawford, Joseph,d1982-eauthor.93942010aGothic fiction and the invention of terrorism :bthe politics and aesthetics of fear in the age of the reign of terror /cJoseph Crawford. 1aLondon :bBloomsbury,c2015. axiv, 217 pages ;c24 cm 2rdacontentatextbtxt 2rdamediaaunmediatedbn 2rdacarrieravolumebnc aIncludes bibliographical references and index. 7aGothic fiction (Literary genre), EnglishxHistory and criticism.2BUEsh936001 7aEnglish fictiony18th centuryxThemes, motives.2BUEsh 7aTerror in literature.2BUEsh 7aFear in literature.2BUEsh 7aTerrorism in literature.2BUEsh 7aFrancexHistoryyRevolution, 1789-1799xLiterature and the revolution.2BUEsh933934 cFebruary2016bHHUUEENN vReading book934232 2ddccBB c21219d21191 00102ddc40708Anglo-EgypaMAINbMAINc2NDd2016-02-23ePurchaseg295.00h13707l0o823.0872909 CRAp000031680r2025-07-15 00:00:00v369.00w2016-02-23yBB